| 000 | 00000nam 2200000zi 4500 |
| 001 | 9.938820 |
| 003 | CaOODSP |
| 005 | 20250317142139 |
| 006 | m o d f |
| 007 | cr mn||||||||| |
| 008 | 240530t20242024qucab ob f000 0 fre d |
| 020 | |a9780660721514 |
| 040 | |aCaOODSP|bfre|erda|cCaOODSP |
| 041 | 0 |afre|bfre|beng |
| 043 | |an-cn-qu|aln----- |
| 045 | |ay1y2 |
| 086 | 1 |aFs97-6/3616F-PDF |
| 100 | 1 |aGrégoire, Benjamin, |eauteur. |
| 245 | 10|aDistribution d'organismes marins de la zone côtière peu profonde du Québec recensés par imagerie sous-marine de 2017 à 2021 / |cBenjamin Grégoire, Louis David Pitre, Laurence Provencher-Nolet, Laurence Paquette et Christine Desjardins. |
| 264 | 1|aMont-Joli, QC : |bDirection régionale des sciences, Région du Québec, Directions des sciences démersales et benthiques, Pêches et océans Canada, Institut Maurice-Lamontagne, |c2024. |
| 264 | 4|c©2024 |
| 300 | |a1 ressource en ligne (v, 76 pages) : |billustrations (principalement en couleur), cartes (certaines en couleur). |
| 336 | |atexte|btxt|2rdacontent/fre |
| 337 | |ainformatique|bc|2rdamedia/fre |
| 338 | |aressource en ligne|bcr|2rdacarrier/fre |
| 490 | 1 |aRapport technique canadien des sciences halieutiques et aquatiques, |x1488-545X ; |v3616 |
| 500 | |aPublié aussi en anglais sous le titre : Distribution of marine organisms in the shallow coastal zone of Quebec surveyed by underwater imagery between 2017 and 2021. |
| 504 | |aComprend des références bibliographiques (pages 11-13). |
| 520 | 3 |a« Entre 2017 et 2021, onze campagnes d'échantillonnage d'imagerie sous-marine ont été menées sur une large étendue de la zone côtière peu profonde de l'estuaire et du golfe du Saint-Laurent. Ces échantillonnages dirigés ont servi de données de vérité terrain pour la cartographie des macrophytes estuariens et marins, et permis de documenter de manière détaillée la composition des écosystèmes côtiers. Les méthodes d'acquisition et d'analyse d’imagerie vidéo utilisées sont décrites dans cet ouvrage. De plus, les données d'occurrences de 150 taxons et catégories d'organismes marins observés, ainsi que la dominance relative des macrophytes sont discutées. Les données d'occurrences et les cartes de distribution mettent en lumière des tendances générales de distribution géographique et bathymétrique pour plusieurs espèces de macroalgues, d'invertébrés et de poissons, dont certaines d'intérêt commercial. Saccharina latissima, fréquemment observée sur l'ensemble de la région d'étude, dominait régulièrement les bancs d'algues. À l'inverse, Chondrus crispus s'est avérée quasi absente de l'estuaire du Saint-Laurent, mais était régulièrement dominante en Minganie et au sud de Cap Gaspé, indiquant une préférence pour des eaux plus chaudes. Les patrons de distribution tronqués de certains invertébrés tels Strongylocentrotus droebachiensis et Homarus americanus sont présumément expliqués par la présence de conditions physicochimiques limitantes dans certains secteurs de l'estuaire et du golfe du Saint-Laurent » -- Résumé, page iv. |
| 546 | |aComprend des résumés en français et en anglais. |
| 650 | 0|aOrganismes marins|zQuébec (Province)|zSaint-Laurent, Estuaire du|xDistribution géographique. |
| 650 | 6|aOrganismes marins|zSaint-Laurent, Golfe du|xDistribution géographique. |
| 650 | 6|aOrganismes littoraux|zQuébec (Province)|zSaint-Laurent, Estuaire du|xDistribution géographique. |
| 650 | 6|aOrganismes littoraux|zSaint-Laurent, Golfe du|xDistribution géographique. |
| 650 | 6|aInventaires écologiques|zQuébec (Province)|zSaint-Laurent, Estuaire du. |
| 650 | 6|aInventaires écologiques|zSaint-Laurent, Golfe du. |
| 710 | 1 |aCanada. |bMinistère des pêches et des océans, |eorganisme de publication. |
| 710 | 2 |aInstitut Maurice-Lamontagne, |eorganisme de publication. |
| 775 | 08|tDistribution of marine organisms in the shallow coastal zone of Quebec surveyed by underwater imagery between 2017 and 2021 / |w(CaOODSP)9.947552 |
| 830 | #0|aRapport technique canadien des sciences halieutiques et aquatiques ;|v3616.|w(CaOODSP)9.500867 |
| 856 | 40|qPDF|s4.93 Mo|uhttps://publications.gc.ca/collections/collection_2024/mpo-dfo/Fs97-6-3616-fra.pdf |